| 000 | 00368 a2200157 4500 | ||
|---|---|---|---|
| 001 | 71958 | ||
| 020 | _a8529402928 | ||
| 040 | _cAnchieta - Colégio São Paulo | ||
| 100 | _aNicolelis, Giselda Laporta | ||
| 240 | 1 | 0 |
_aQuem conta um conto... _lpor |
| 245 | 1 | 0 | _aQuem conta um conto... |
| 300 | _a62 | ||
| 362 | 0 | _a2005 | |
| 650 | 4 | _aLiteratura infantil | |
| 942 | _cBK | ||
| 999 |
_c71958 _d71958 |
||